Degree theory /

Guardado en:
Autor Principal: Lloyd, Noel Glynne, 1946-
Formato: Libro
Idioma:English
Publicado: Cambridge : Cambridge University Press, 1978.
Series:Cambridge tracts in mathematics ; 73
Materias:
Etiquetas: Agregar Etiqueta
Sin Etiquetas, Sea el primero en etiquetar este registro!
LEADER 00771cam a2200241 a 4500
001 MAT.inmabb002629
008 770301s1978####enk######b####001#0#eng##
005 20110316172706.0
245 1 0 |a Degree theory /  |c N. G. Lloyd. 
260 |a Cambridge :  |b Cambridge University Press,  |c 1978. 
300 |a x, 172 p. ;  |c 23 cm. 
440 0 |a Cambridge tracts in mathematics ;  |v 73 
504 |a Bibliografía: p. [165]-170. 
510 4 |a MR,  |c 58 #12558 
020 |a 0521216141 
100 1 |a Lloyd, Noel Glynne,  |d 1946- 
650 0 |a Topological degree. 
650 0 |a Differential equations  |x Numerical solutions. 
650 0 |a Functional analysis. 
084 |a 47H11 (55M25 58C25)  |2 msc2000 
010 |a  77003205  
040 |a DLC  |c DLC  |d DLC 
859 |h 47  |i L793  |p A-5053  |b BIB. MATEMATICA